00813nam a2200205 a 450000100100000000500170001000800410002704000250006808200130009310000290010624500460013526000430018130000210022450001410024550000350038670000430042104900090046495201170047399900170059000002585420200930024112.0110223s1976 ve r 000 0 spa d aDO-SdBNPbspacBNPHU ann*bnn*1 aRivas T., Jose E.95269010aEn el valle de la paz /cJose E. Rivas T. aMérida, Venezuela :bOficial,c1976. a439 p. ;c22 cm. a"Drama histórico sobre la obra del padre Fray Diego de Navarro, agustino, primer misionero y civilizador de Aricagua (Edo. Mérida)". aIncluye índice alfabético.1 aOjada de Soto, Rosa Maria,etr.952687 aBNGR 001054708MOaGRbGRcCTd2011-02-23iLF1l0onn* nn*p25854-10r2020-06-25w2020-06-25y4ZPréstamo en sala c25346d25346